|
|
|
|
| LEADER |
03527nam a22004935i 4500 |
| 001 |
978-1-4020-6697-9 |
| 003 |
DE-He213 |
| 005 |
20151125141323.0 |
| 007 |
cr nn 008mamaa |
| 008 |
100301s2009 ne | s |||| 0|eng d |
| 020 |
|
|
|a 9781402066979
|9 978-1-4020-6697-9
|
| 024 |
7 |
|
|a 10.1007/978-1-4020-6697-9
|2 doi
|
| 040 |
|
|
|d GrThAP
|
| 050 |
|
4 |
|a QH301-705
|
| 072 |
|
7 |
|a PSA
|2 bicssc
|
| 072 |
|
7 |
|a SCI086000
|2 bisacsh
|
| 082 |
0 |
4 |
|a 570
|2 23
|
| 245 |
1 |
0 |
|a Functional Surfaces in Biology
|h [electronic resource] :
|b Little Structures with Big Effects Volume 1 /
|c edited by Stanislav N. Gorb.
|
| 250 |
|
|
|a 1.
|
| 264 |
|
1 |
|a Dordrecht :
|b Springer Netherlands,
|c 2009.
|
| 300 |
|
|
|a XVIII, 384 p.
|b online resource.
|
| 336 |
|
|
|a text
|b txt
|2 rdacontent
|
| 337 |
|
|
|a computer
|b c
|2 rdamedia
|
| 338 |
|
|
|a online resource
|b cr
|2 rdacarrier
|
| 347 |
|
|
|a text file
|b PDF
|2 rda
|
| 505 |
0 |
|
|a Introduction: Surface Properties and their Functions in Biological Systems -- Protection and Defence -- Biological Properties of Fruit and Seed Slime Envelope: How to Live, Fly, and Not Die -- Easily Damaged Integument of Some Sawflies (Hymenoptera) is Part of a Defence Strategy Against Predators -- Anti–wetting -- Water Repellence in Gecko Skin: How Do Geckos Keep Clean? -- Anti-Wetting Surfaces in Heteroptera (Insecta): Hairy Solutions to Any Problem -- Water Repellent Properties of Spiders: Topographical Variations and Functional Correlates -- Dry in the Water: The Superhydrophobic Water Fern Salvinia – a Model for Biomimetic Surfaces -- Brochosomal Coatings of the Integument of Leafhoppers (Hemiptera, Cicadellidae) -- Transport -- Pull, Push and Evaporate: The Role of Surfaces in Plant Water Transport -- Aerodynamics -- Molding and Carving Cell Surfaces: The Joke of a Fold and the Origin and Evolution of Feathers -- Acoustics -- Surface Structure of Sound Emission Organs in Urania Moths -- Sensory Systems -- Functional Coupling of Cercal Filiform Hairs and Campaniform Sensilla in Crickets -- Optics -- Advanced Photonic Systems on the Wing-Scales of Lepidoptera -- Sub-micron Structures Causing Reflection and Antireflection in Animals -- Surface Colors of Insects: Wings and Eyes -- Butterfly Photonics: Form and Function.
|
| 520 |
|
|
|a This book is devoted to the rapidly growing area of science dealing with structure and properties of biological surfaces in their relation to particular function(s). This volume, written by a team of specialists from different disciplines, covers various surface functions such as protection, defense, water transport, anti-wetting, self cleaning, light reflection and scattering, and acoustics. Because biological surfaces have a virtually endless potential of technological ideas for the development of new materials and systems, inspirations from biology could also be interesting for a broad range of topics in surface engineering.
|
| 650 |
|
0 |
|a Life sciences.
|
| 650 |
|
0 |
|a Plant science.
|
| 650 |
|
0 |
|a Botany.
|
| 650 |
|
0 |
|a Physics.
|
| 650 |
|
0 |
|a Engineering.
|
| 650 |
1 |
4 |
|a Life Sciences.
|
| 650 |
2 |
4 |
|a Life Sciences, general.
|
| 650 |
2 |
4 |
|a Engineering, general.
|
| 650 |
2 |
4 |
|a Physics, general.
|
| 650 |
2 |
4 |
|a Plant Sciences.
|
| 700 |
1 |
|
|a Gorb, Stanislav N.
|e editor.
|
| 710 |
2 |
|
|a SpringerLink (Online service)
|
| 773 |
0 |
|
|t Springer eBooks
|
| 776 |
0 |
8 |
|i Printed edition:
|z 9781402066962
|
| 856 |
4 |
0 |
|u http://dx.doi.org/10.1007/978-1-4020-6697-9
|z Full Text via HEAL-Link
|
| 912 |
|
|
|a ZDB-2-SBL
|
| 950 |
|
|
|a Biomedical and Life Sciences (Springer-11642)
|